Responses for Show #6021 - Monday, November 15, 2010

2010-B College Championship semifinal game 1.

Contestants

[<< previous game]

Marshall Flores, a senior from Arizona State University from Avondale, Arizona

Kyle Kahan, a senior from Texas A&M University from Houston, Texas

Erin McLean, a sophomore from Boston University from Danvers, Massachusetts

[next game >>]

Jeopardy! Round responses

TWAIN TRACTS
INTERNATIONAL CELEBRITIES
MONEY, NOT FROM THE MINT
STATE FACTS
STUDY ABROAD
PROVERBIALLY SPEAKING
    $200 26
(Kyle: What is A Confederate in King Arthur's Court?)
(Marshall: What is A Yankee in King Arthur's Court?)

A Connecticut Yankee in King Arthur's Court

KyleMarshall
Triple Stumper
    $200 10
Heidi Klum

Marshall
    $200 20
(Kyle: What is safety?)

security

Kyle
Triple Stumper
    $200 5
New Jersey

Kyle
    $200 15
a midwife

Erin
    $200 1
flattery

Erin
    $400 27
Joan of Arc

Erin
    $400 11
India

Kyle
    $400 21
a debit card

Marshall
    $400 6
(Marshall: What is California?)
(Erin: What is Massachusetts?)

Hawaii

ErinKyleMarshall
    $400 16
Helsinki

Erin
    $400 2
(Marshall: What is in the eye of the beholder?)

skin deep

ErinMarshall
    $600 28
Calaveras County

Kyle
    $600 12
Shakira

Erin
    $600 22
a money order

Erin
    $600 7
(Kyle: What is Connecticut?)
(Alex: No. The king was George II, hence the state of [*].)

Georgia

Kyle
    $600 17
(Alex: Correct, Jan Masaryk.)
[NOTE: The university is named after T.G. Masaryk, and not his son Jan Masaryk.]

the Czech Republic

Kyle
    $600 3
bliss

Marshall
    $800 29
Life on the Mississippi

Triple Stumper
    $800 13
Guy Ritchie

Marshall
    $800 23
bonds

Kyle
    $800 8
(Marshall: What is Vermont?)

Pennsylvania

KyleMarshall
    $800 18
the Spanish Civil War

Kyle
    $800 4
(Erin: What is a journey?)
(Alex: Be more specific.)
(Erin: What is a long journey?)
[Originally ruled incorrect; reversed before Daily Double at clue 7 because some translations gave the "long journey" variation]

a journey of a thousand miles

Erin
    $1000 30
(Alex: That work is called [*] Abroad.)

Innocents

Triple Stumper
    $1000 14
Roger Federer

Kyle
    $1000 24
a line of credit

Erin
    $1000 9
Oklahoma

Triple Stumper
    $1000 19
Bologna

Kyle
    $1000 25
disposes

Triple Stumper

Scores at the first commercial break (after clue 11):

Erin Kyle Marshall
$1,000 $1,200 -$800

Scores at the end of the Jeopardy! Round:

Erin Kyle Marshall
$4,200 $5,600 $200

Double Jeopardy! Round responses

SINCE THE IRON CURTAIN
NOW THAT'S COMEDY
G-FORCE
ART 101
ONLINE SHOPPING
A LITTLE LATIN
    $400 1
Sofia

Kyle
    $400 3
live without them

Erin
    $400 11
tides

Marshall
    $400 21
gray

Kyle
    $400 16
eBay

Kyle
    $400 30
Ave Maria

Kyle
    $800 2
inflation

Kyle
    $800 4
a democracy

Kyle
    $800 12
Neptune

Erin
    $800 22
(Marshall: What's a mosaic?)

a collage

ErinMarshall
    $800 17
Amazon.com

Erin
    $800 29
quid pro quo

Kyle
    $1200 7
Gypsies

Erin
    $1200 5
a teddy bear

Marshall
    $1200 13
the general theory of relativity

Marshall
    $1200 23
Pablo Picasso

Triple Stumper
    $1200 18
Zappos.com

Erin
    $1200 27
carpe diem

Marshall
    $3,400 9
(Marshall: What is Vatican City?)

Poland

Marshall
    $1600 6
love

Triple Stumper
    $1600 14
light

Triple Stumper
    $1600 24
Rodin

Kyle
    $1600 19
Overstock.com

Erin
    $1600 26
ibid.

Erin
    $2000 10
(Kyle: What is Greece?)
...
(Alex: Those names should have led you to [*].)

Romania

Kyle
Triple Stumper
    $2000 8
Jefferson

Marshall
    $1,000 15
the distance between the 2 objects

Marshall
    $2000 25
(Alex: And that paint is [*]. Lasts forever.)

tempera

Triple Stumper
    $2000 20
Etsy.com

Erin
    $2000 28
cogito ergo sum

Kyle

Scores at the end of the Double Jeopardy! Round:

Erin Kyle Marshall
$14,600 $11,200 $3,000

[wagering suggestions for these scores]

Final Jeopardy! Round responses

SPORTS IN AMERICA
(Alex: And over to Erin. She was worried about sports, and yet the correct response is a sport that I believe is very popular with young ladies.)
MarshallWhat is Hockey?
$2,999
KyleWhat is mini golf? Hockey
$11,199
ErinWhat is field hockey?
$7,801
field hockey

Final scores:

Erin Kyle Marshall
$22,401 $1 $1
Finalist 2nd place: $10,000 3rd place: $10,000

Game dynamics:

Coryat scores:

Erin Kyle Marshall
$14,600 $11,800 $7,400
18 R,
1 W
19 R,
4 W
(including 1 DD)
10 R
(including 1 DD),
6 W
(including 1 DD)

Combined Coryat: $33,800

[game clues] [game scores] [suggest correction]

Game tape date: 2010-10-19
The J! Archive is created by fans, for fans. Scraping, republication, monetization, and malicious use prohibited; this site may use cookies and collect identifying information. See terms. The Jeopardy! game show and all elements thereof, including but not limited to copyright and trademark thereto, are the property of Jeopardy Productions, Inc. and are protected under law. This website is not affiliated with, sponsored by, or operated by Jeopardy Productions, Inc. Join the discussion at JBoard.tv.